000 00801nam a2200289Ia 4500
005 20260324113322.0
008 008 260324s9999 xx 000 0 eng d
020 _a9781003513605
037 _aEBOOK
040 _aCRL
040 _beng
040 _cCRL
041 _2eng
041 _aeng
084 _qCRL
100 _aIgor V. Kolokolov; Evgeny A. Kuznetsov; Alexander I. Milstein; Evgeny V. Podivilov; Alexander I. Chernykh; David A. Shapiro; Elena G. Shapiro
_91146295
245 0 _aMathematical Methods of Physics
245 0 _bProblems with Solutions
260 _bTaylor and Francis
260 _c2024
365 _a
365 _b240
856 _uhttp://www.taylorfrancis.com/books/9781003513605
942 _cEBOOK
999 _c1735884
_d1735884